Monadología principios de filosofía /

“Nuestra traducción (publicada por primera vez en Oviedo, Pentalfa, 1981) procura seguir formalmente la edición en francés, pero sin renunciar al texto latino, que consideramos imprescindible para dar cuenta al lector de la obra de Leibniz. Siguiendo el criterio de la mayoría de los editores, he...

Πλήρης περιγραφή

Αποθηκεύτηκε σε:
Λεπτομέρειες βιβλιογραφικής εγγραφής
Κύριος συγγραφέας: Leibniz, Gottfried Wilhelm, Freiherr von, 1646-1716
Άλλοι συγγραφείς: Velarde Lombraña, Julián
Μορφή: Ηλεκτρονική πηγή Ηλ. βιβλίο
Γλώσσα:Ισπανικά
Γαλλικά
Έκδοση: Madrid : Biblioteca Nueva, 2001.
Σειρά:Clásicos del pensamiento (Biblioteca Nueva (Firm)) ; 14.
Digitalia eBook Collection: Biblioteca Nueva
Θέματα:
Διαθέσιμο Online:Digitalia Hispánica
Ετικέτες: Προσθήκη ετικέτας
Δεν υπάρχουν, Καταχωρήστε ετικέτα πρώτοι!

MARC

LEADER 00000nam a2200000Ia 4500
001 DIGBIN01514
003 NyNyDIG
006 m d
007 cr |||||||||||
008 051013s2001 sp ob 000 0 spa d
020 |z 8470309838 (pbk.) 
020 |z 9788470309830 (pbk.) 
040 |a DGITA  |b eng  |e pn  |c DGITA 
041 1 |a spa  |h fre 
050 0 4 |a B2558 ebook 
100 1 |a Leibniz, Gottfried Wilhelm,   |c Freiherr von,   |d 1646-1716. 
240 1 0 |a Monadologie   |l  Spanish 
245 1 0 |a Monadología   |h [electronic resource] :  |b principios de filosofía /  |c G.W. Leibniz. Introducción, traducción y notas de Julián Velarde Lombrana. 
260 |a Madrid :  |b Biblioteca Nueva,   |c 2001.  |e (New York, NY. :  |f Digitalia Inc,   |g 2012). 
300 |a 1 online resource (138 p.) 
490 1 |a Clásicos del pensamiento;  |v 14. 
504 |a Includes bibliographical references (p. [69]-81), and chronology (p. [83]-101). 
506 |a Access restricted to subscribing institutions. 
520 |a “Nuestra traducción (publicada por primera vez en Oviedo, Pentalfa, 1981) procura seguir formalmente la edición en francés, pero sin renunciar al texto latino, que consideramos imprescindible para dar cuenta al lector de la obra de Leibniz. Siguiendo el criterio de la mayoría de los editores, hemos transcrito las llamadas a la Teodicea, y señalamos las variantes advertidas entre la edición de Robinet y la de Gerhardt.” (p. 78). 
600 1 0 |a Leibniz, Gottfried Wilhelm,   |c Freiherr von,   |d 1646-1716  |t Monadologie. 
650 0 |a Monadology   |x Early works to 1800. 
655 0 |a Electronic books. 
700 1 |a Velarde Lombraña, Julián. 
791 2 |a Digitalia (Firm),  |e distributor. 
830 0 |a Clásicos del pensamiento (Biblioteca Nueva (Firm)) ;  |v 14. 
830 0 |a Digitalia eBook Collection: Biblioteca Nueva 
856 4 0 |3 Digitalia Hispánica  |u https://digitalia.unach.elogim.com/a/4835/